[Event "Mitropa Cup 28th"]
[Site "Rogaska Slatina"]
[Date "2009.05.10"]
[Round "2"]
[White "Jurcik, Marian"]
[Black "Schiendorfer, Emanuel"]
[Result "1-0"]
[WhiteElo "2468"]
[BlackElo "2274"]
[PlyCount "99"]
[EventDate "2009.05.09"]
[EventType "team-tourn"]
[EventRounds "9"]
[EventCountry "SLO"]
[Source "ChessBase"]
[SourceDate "2009.07.02"]
[WhiteTeam "Slovakia"]
[BlackTeam "Switzerland"]
[WhiteTeamCountry "SVK"]
[BlackTeamCountry "SUI"]

1. e4 c5 2. Nf3 d6 3. d4 cxd4 4. Nxd4 Nf6 5. Nc3 a6 6. Be3 Ng4 7. Bg5 h6 8. Bh4
g5 9. Bg3 Bg7 10. Be2 Ne5 11. f4 gxf4 12. Bxf4 Nbc6 13. Nf5 Bxf5 14. exf5 Rc8
15. Be3 Na5 16. Bd4 Nac6 17. Be3 Na5 18. Rb1 Nec4 19. Bd4 Bxd4 20. Qxd4 Ne5 21.
O-O Qc7 22. Kh1 Qc5 23. Qf4 Nd7 24. Rbe1 Nc6 25. f6 e5 26. Bg4 h5 27. Bh3 Nd4
28. Qe4 Rc6 29. Nd5 Nb6 30. Ne7 Qxc2 31. Nxc6 Qxe4 32. Rxe4 bxc6 33. Rh4 Nd5
34. g3 Rh6 35. g4 Nf4 36. gxh5 c5 37. Bg4 Kf8 38. Bc8 a5 39. b3 Rxf6 40. h6 Kg8
41. Bb7 Kh8 42. h7 Re6 43. Rg1 Re8 44. Rhg4 Ng6 45. Bd5 Rf8 46. Bxf7 Rxf7 47.
Rxg6 Nf5 48. Re6 Kxh7 49. Rgg6 e4 50. Rgf6 1-0

[Event "Mitropa Cup 28th"]
[Site "Rogaska Slatina"]
[Date "2009.05.10"]
[Round "2"]
[White "Vavrak, Peter"]
[Black "Jenni, Florian"]
[Result "1/2-1/2"]
[WhiteElo "2487"]
[BlackElo "2516"]
[PlyCount "108"]
[EventDate "2009.05.09"]
[EventType "team-tourn"]
[EventRounds "9"]
[EventCountry "SLO"]
[Source "ChessBase"]
[SourceDate "2009.07.02"]
[WhiteTeam "Slovakia"]
[BlackTeam "Switzerland"]
[WhiteTeamCountry "SVK"]
[BlackTeamCountry "SUI"]

1. d4 Nf6 2. c4 e6 3. Nc3 Bb4 4. Qc2 O-O 5. e4 d5 6. e5 Ne4 7. Bd3 c5 8. Nge2
cxd4 9. Nxd4 Nd7 10. Bf4 Ndc5 11. O-O Nxd3 12. Qxd3 Bxc3 13. bxc3 b6 14. cxd5
Qxd5 15. Rad1 Nc5 16. Qg3 Qe4 17. Rfe1 Qg6 18. Qh3 f5 19. Nb5 Bd7 20. Nd6 Bc6
21. Re3 Qg4 22. Qxg4 fxg4 23. Rd4 Nb7 24. Bg5 Nxd6 25. exd6 Bd7 26. Rxg4 Rf5
27. h4 Rc8 28. Bh6 g6 29. Rf4 Rcc5 30. Ref3 Rxf4 31. Rxf4 Rf5 32. Rc4 Rd5 33.
Rf4 Rf5 34. Rc4 Rd5 35. Rc7 Rxd6 36. Rxa7 Kf7 37. Ra8 Be8 38. a4 e5 39. Kh2 Rd3
40. Ra7+ Rd7 41. Ra6 Rc7 42. Rxb6 Bxa4 43. Rb4 Bc6 44. Be3 Bd5 45. Bd2 Rc4 46.
Kg3 h5 47. f3 Rxb4 48. cxb4 Bc4 49. Kf2 Ke6 50. Ke3 Kd5 51. Bc3 Bf1 52. g3 Bb5
53. f4 exf4+ 54. Kxf4 Bd3 1/2-1/2

[Event "Mitropa Cup 28th"]
[Site "Rogaska Slatina"]
[Date "2009.05.11"]
[Round "3"]
[White "Jenni, Florian"]
[Black "Ragger, Markus"]
[Result "1/2-1/2"]
[WhiteElo "2516"]
[BlackElo "2544"]
[PlyCount "77"]
[EventDate "2009.05.09"]
[EventType "team-tourn"]
[EventRounds "9"]
[EventCountry "SLO"]
[Source "ChessBase"]
[SourceDate "2009.07.02"]
[WhiteTeam "Switzerland"]
[BlackTeam "Austria"]
[WhiteTeamCountry "SUI"]
[BlackTeamCountry "AUT"]

1. e4 e5 2. Nf3 Nc6 3. Bb5 a6 4. Bxc6 dxc6 5. Nc3 f6 6. d4 exd4 7. Nxd4 c5 8.
Nde2 Qxd1+ 9. Nxd1 Bd7 10. Bf4 O-O-O 11. Ne3 Bc6 12. Nc3 Ne7 13. f3 g6 14. Kf2
Bg7 15. Rad1 f5 16. exf5 Nxf5 17. Nxf5 gxf5 18. Rhe1 Rxd1 19. Nxd1 Re8 20.
Rxe8+ Bxe8 21. Bd2 Bf7 22. a3 Kd7 23. Bc3 Bf8 24. Be5 b5 25. Ne3 Be6 26. h3 c4
27. Kg3 a5 28. c3 b4 29. axb4 axb4 30. cxb4 Bxb4 31. Nc2 Bd2 32. Kf2 c5 33. Ke2
Bg5 34. f4 Bd8 35. Ne3 h5 36. Kf3 Ba5 37. Bf6 Bd2 38. Bc3 Bxe3 39. Kxe3 1/2-1/2

[Event "Mitropa Cup 28th"]
[Site "Rogaska Slatina"]
[Date "2009.05.11"]
[Round "3"]
[White "Neubauer, Martin"]
[Black "Huss, Andreas"]
[Result "1-0"]
[WhiteElo "2414"]
[BlackElo "2340"]
[PlyCount "84"]
[EventDate "2009.05.09"]
[EventType "team-tourn"]
[EventRounds "9"]
[EventCountry "SLO"]
[Source "ChessBase"]
[SourceDate "2009.07.02"]
[WhiteTeam "Austria"]
[BlackTeam "Switzerland"]
[WhiteTeamCountry "AUT"]
[BlackTeamCountry "SUI"]

1. d4 e6 2. c4 Nf6 3. Nc3 Bb4 4. Qc2 d5 5. cxd5 exd5 6. Bg5 h6 7. Bh4 c5 8.
dxc5 g5 9. Bg3 Ne4 10. O-O-O Bxc3 11. f3 Bd2+ 12. Rxd2 Nxd2 13. Qxd2 Nc6 14. h4
g4 15. e3 Qa5 16. Qxa5 Nxa5 17. Ne2 Be6 18. Nd4 gxf3 19. gxf3 Rc8 20. b4 Nc6
21. Nxc6 bxc6 22. Ba6 Rd8 23. Bb7 Kd7 24. Rd1 Rb8 25. Bxb8 Rxb8 26. Ba6 Rxb4
27. Rd4 Rb8 28. Bd3 Kc7 29. Ra4 Kb7 30. Rb4+ Kc7 31. Ra4 Kb7 32. Rf4 Rg8 33.
Rf6 h5 34. f4 d4 35. exd4 Rd8 36. Be2 Rxd4 37. Bxh5 Bxa2 38. Bxf7 Bxf7 39.
Rxf7+ Ka6 40. h5 Rc4+ 41. Kd2 Rxc5 42. f5 Rd5+ 1-0

[Event "Mitropa Cup 28th"]
[Site "Rogaska Slatina"]
[Date "2009.05.11"]
[Round "3"]
[White "Schachinger, Mario"]
[Black "Gaehwiler, Gabriel"]
[Result "1-0"]
[WhiteElo "2350"]
[BlackElo "2226"]
[PlyCount "65"]
[EventDate "2009.05.09"]
[EventType "team-tourn"]
[EventRounds "9"]
[EventCountry "SLO"]
[Source "ChessBase"]
[SourceDate "2009.07.02"]
[WhiteTeam "Austria"]
[BlackTeam "Switzerland"]
[WhiteTeamCountry "AUT"]
[BlackTeamCountry "SUI"]

1. e4 c5 2. Nf3 d6 3. d4 cxd4 4. Nxd4 Nf6 5. Nc3 a6 6. Be3 e5 7. Nb3 Be6 8. f3
Be7 9. Qd2 O-O 10. O-O-O Nbd7 11. g4 b5 12. g5 b4 13. Ne2 Ne8 14. f4 a5 15. f5
a4 16. Nbd4 exd4 17. Nxd4 b3 18. Kb1 bxc2+ 19. Nxc2 Bb3 20. axb3 axb3 21. Na3
Ne5 22. h4 Ra4 23. Bd4 Qa8 24. Qe3 Nc7 25. f6 Bd8 26. fxg7 Re8 27. Rg1 d5 28.
h5 Nc4 29. Bxc4 dxc4 30. g6 fxg6 31. hxg6 hxg6 32. Rh1 Ra5 33. Rh8+ 1-0

[Event "Mitropa Cup 28th"]
[Site "Rogaska Slatina"]
[Date "2009.05.11"]
[Round "3"]
[White "Schiendorfer, Emanuel"]
[Black "Kreisl, Robert"]
[Result "1/2-1/2"]
[WhiteElo "2274"]
[BlackElo "2389"]
[PlyCount "67"]
[EventDate "2009.05.09"]
[EventType "team-tourn"]
[EventRounds "9"]
[EventCountry "SLO"]
[Source "ChessBase"]
[SourceDate "2009.07.02"]
[WhiteTeam "Switzerland"]
[BlackTeam "Austria"]
[WhiteTeamCountry "SUI"]
[BlackTeamCountry "AUT"]

1. d4 d5 2. c4 c6 3. Nc3 Nf6 4. Nf3 e6 5. Bg5 dxc4 6. a4 b5 7. axb5 cxb5 8.
Nxb5 Qb6 9. Na3 Qxb2 10. Nxc4 Qc3+ 11. Ncd2 Nbd7 12. g3 Ne4 13. Bg2 Bb7 14. Be3
Nxd2 15. Bxd2 Qc7 16. Rc1 Qd8 17. O-O Be7 18. Bf4 O-O 19. Bc7 Qe8 20. Ba5 Bd6
21. Qd3 Nf6 22. Nd2 Bxg2 23. Kxg2 Qd7 24. Kg1 Rfc8 25. Nc4 Be7 26. Ne5 Qd6 27.
Rxc8+ Rxc8 28. Ra1 Nd7 29. Nxd7 Qxd7 30. e4 Bd8 31. Bxd8 Rxd8 32. d5 exd5 33.
exd5 Qxd5 34. Qxd5 1/2-1/2

[Event "Mitropa Cup 28th"]
[Site "Rogaska Slatina"]
[Date "2009.05.11"]
[Round "3"]
[White "Berczes, David"]
[Black "Saric, Ante"]
[Result "1-0"]
[WhiteElo "2513"]
[BlackElo "2502"]
[PlyCount "65"]
[EventDate "2009.05.09"]
[EventType "team-tourn"]
[EventRounds "9"]
[EventCountry "SLO"]
[Source "ChessBase"]
[SourceDate "2009.07.02"]
[WhiteTeam "Hungary"]
[BlackTeam "Croatia"]
[WhiteTeamCountry "HUN"]
[BlackTeamCountry "CRO"]

1. d4 Nf6 2. c4 e6 3. Nf3 Bb4+ 4. Nbd2 O-O 5. a3 Be7 6. e4 d5 7. e5 Nfd7 8. b4
a5 9. b5 c5 10. cxd5 exd5 11. Bd3 cxd4 12. Qc2 Kh8 13. Nb3 f6 14. exf6 Nxf6 15.
Nbxd4 Bg4 16. O-O Nbd7 17. h3 Rc8 18. Qa2 Bxf3 19. Nxf3 Qb6 20. Bb2 Bc5 21.
Rad1 Rce8 22. a4 Re7 23. Kh1 Ne4 24. Bxe4 dxe4 25. Ng5 Nf6 26. Qc4 e3 27. fxe3
Bxe3 28. Ba3 Rc7 29. Qe6 Rg8 30. Rd6 Qa7 31. b6 Qa6 32. Rxf6 Qe2 33. Qxg8+ 1-0

[Event "Mitropa Cup 28th"]
[Site "Rogaska Slatina"]
[Date "2009.05.11"]
[Round "3"]
[White "Erdos, Viktor"]
[Black "Bosiocic, Marin"]
[Result "1-0"]
[WhiteElo "2581"]
[BlackElo "2571"]
[PlyCount "81"]
[EventDate "2009.05.09"]
[EventType "team-tourn"]
[EventRounds "9"]
[EventCountry "SLO"]
[Source "ChessBase"]
[SourceDate "2009.07.02"]
[WhiteTeam "Hungary"]
[BlackTeam "Croatia"]
[WhiteTeamCountry "HUN"]
[BlackTeamCountry "CRO"]

1. d4 Nf6 2. c4 e6 3. Nf3 b6 4. a3 Ba6 5. Qc2 Bb7 6. Nc3 c5 7. e4 cxd4 8. Nxd4
Bc5 9. Nb3 Nc6 10. Bf4 e5 11. Bg5 h6 12. Bh4 d6 13. O-O-O g5 14. Bg3 Qe7 15. h4
O-O-O 16. Nd5 Qe6 17. Qd3 Nh5 18. Kb1 Nxg3 19. Qxg3 Rhg8 20. hxg5 Rxg5 21. Qf3
Kb8 22. Bd3 Nd4 23. Nxd4 Bxd4 24. g3 Rg6 25. Rd2 Rf8 26. Rh4 Qd7 27. Rh5 Bc8
28. Qh1 Rh8 29. Rh4 Bc5 30. Qf3 Rf8 31. Qe2 Qd8 32. Rh2 Bg4 33. f3 Bd7 34. g4
Rh8 35. Rd1 h5 36. Rxh5 Rxh5 37. gxh5 Rh6 38. Rh1 Qg5 39. Qh2 Be8 40. Qh3 Qg8
41. Ne7 1-0

[Event "Mitropa Cup 28th"]
[Site "Rogaska Slatina"]
[Date "2009.05.11"]
[Round "3"]
[White "Jovanovic, Zoran2"]
[Black "Papp, Gabor"]
[Result "1/2-1/2"]
[WhiteElo "2525"]
[BlackElo "2524"]
[PlyCount "45"]
[EventDate "2009.05.09"]
[EventType "team-tourn"]
[EventRounds "9"]
[EventCountry "SLO"]
[Source "ChessBase"]
[SourceDate "2009.07.02"]
[WhiteTeam "Croatia"]
[BlackTeam "Hungary"]
[WhiteTeamCountry "CRO"]
[BlackTeamCountry "HUN"]

1. e4 c5 2. Nf3 d6 3. d4 cxd4 4. Qxd4 Nc6 5. Bb5 Bd7 6. Bxc6 Bxc6 7. Nc3 Nf6 8.
Bg5 e6 9. O-O-O Be7 10. Qd3 Qa5 11. Kb1 Rc8 12. h4 d5 13. Bxf6 dxe4 14. Nxe4
gxf6 15. Nd4 Bd5 16. Nb3 Qa6 17. Qd4 Qc4 18. Nxf6+ Bxf6 19. Qxf6 Qxc2+ 20. Ka1
O-O 21. h5 Bxb3 22. Qg5+ Kh8 23. Qf6+ 1/2-1/2

[Event "Mitropa Cup 28th"]
[Site "Rogaska Slatina"]
[Date "2009.05.11"]
[Round "3"]
[White "Cossin, Sebastien"]
[Black "Vavrak, Peter"]
[Result "1-0"]
[WhiteElo "2471"]
[BlackElo "2487"]
[PlyCount "115"]
[EventDate "2009.05.09"]
[EventType "team-tourn"]
[EventRounds "9"]
[EventCountry "SLO"]
[Source "ChessBase"]
[SourceDate "2009.07.02"]
[WhiteTeam "France"]
[BlackTeam "Slovakia"]
[WhiteTeamCountry "FRA"]
[BlackTeamCountry "SVK"]

1. d4 e6 2. c4 Nf6 3. Nc3 Bb4 4. Qc2 O-O 5. a3 Bxc3+ 6. Qxc3 b6 7. Nf3 Bb7 8.
g3 d6 9. Bg2 Nbd7 10. O-O Rc8 11. b4 c5 12. Bb2 cxb4 13. Qxb4 Nb8 14. Qa4 Rc7
15. Rfc1 Qe7 16. c5 bxc5 17. dxc5 dxc5 18. Be5 Rd7 19. Rab1 Nd5 20. Qxa7 Nc6
21. Qxc5 f6 22. Qxe7 Ndxe7 23. Bc3 Ra8 24. Bb4 Nxb4 25. axb4 Ra2 26. e3 Be4 27.
Rb3 Bd5 28. Rbb1 Be4 29. Rb3 Bd5 30. Rd3 Rb2 31. e4 Bc6 32. Rxd7 Bxd7 33. Rc7
Bb5 34. Bf1 Bxf1 35. Kxf1 Kf8 36. Nd4 Rxb4 37. Nxe6+ Kf7 38. Nxg7 Rxe4 39. Nf5
Re5 40. Rxe7+ Rxe7 41. Nxe7 Kxe7 42. Kg2 Ke6 43. Kh3 Kf5 44. Kh4 Kg6 45. Kg4
Kf7 46. Kf5 Ke7 47. g4 Kf7 48. g5 fxg5 49. Kxg5 Kg7 50. Kf5 Kf7 51. f4 Ke7 52.
Ke5 Kf7 53. f5 Ke7 54. f6+ Kf7 55. Kf5 Kf8 56. Ke6 Ke8 57. f7+ Kf8 58. Kf6 1-0

[Event "Mitropa Cup 28th"]
[Site "Rogaska Slatina"]
[Date "2009.05.11"]
[Round "3"]
[White "Macak, Stefan"]
[Black "Terrieux, Kevin"]
[Result "1-0"]
[WhiteElo "2494"]
[BlackElo "2449"]
[PlyCount "85"]
[EventDate "2009.05.09"]
[EventType "team-tourn"]
[EventRounds "9"]
[EventCountry "SLO"]
[Source "ChessBase"]
[SourceDate "2009.07.02"]
[WhiteTeam "Slovakia"]
[BlackTeam "France"]
[WhiteTeamCountry "SVK"]
[BlackTeamCountry "FRA"]

1. Nc3 g6 2. e4 Bg7 3. d4 d6 4. Nf3 Nf6 5. Bc4 O-O 6. Qe2 c6 7. Bb3 a5 8. a4
Na6 9. O-O Nc7 10. e5 Nfd5 11. Nxd5 cxd5 12. Re1 h6 13. c3 Be6 14. Bc2 Kh7 15.
Bf4 Qd7 16. h3 f6 17. exd6 exd6 18. Bd3 f5 19. h4 Rad8 20. h5 gxh5 21. Nh4 Qf7
22. Qf3 Bc8 23. Re2 Kh8 24. Re7 Qf6 25. Qxh5 Ne6 26. Ng6+ Kg8 27. Rxe6 Qxe6 28.
Nxf8 Rxf8 29. Kf1 Bd7 30. Re1 Qf6 31. Qf3 Bc6 32. Qg3 Rd8 33. b3 Kh8 34. Qh3
Bd7 35. Qf3 Be6 36. Qg3 Bf8 37. Qh3 Rc8 38. Bb5 Rc7 39. Re3 Bf7 40. Rg3 Kh7 41.
Bg5 Qe6 42. Bd8 Rc8 43. Re3 1-0

[Event "Mitropa Cup 28th"]
[Site "Rogaska Slatina"]
[Date "2009.05.11"]
[Round "3"]
[White "Michalik, Peter"]
[Black "Vitoux, Colomban"]
[Result "1/2-1/2"]
[WhiteElo "2409"]
[BlackElo "2446"]
[PlyCount "42"]
[EventDate "2009.05.09"]
[EventType "team-tourn"]
[EventRounds "9"]
[EventCountry "SLO"]
[Source "ChessBase"]
[SourceDate "2009.07.02"]
[WhiteTeam "Slovakia"]
[BlackTeam "France"]
[WhiteTeamCountry "SVK"]
[BlackTeamCountry "FRA"]

1. d4 Nf6 2. Nf3 g6 3. g3 Bg7 4. Bg2 d5 5. c4 dxc4 6. Qa4+ c6 7. Qxc4 O-O 8.
O-O Bf5 9. Nc3 Nbd7 10. Rd1 Bc2 11. Re1 Nb6 12. Qc5 Ne4 13. Nxe4 Bxe4 14. e3
Re8 15. Ne5 Bxg2 16. Kxg2 Qd6 17. Nd3 Rad8 18. b3 Qe6 19. Qc2 Qd5+ 20. Kg1 Qe4
21. Qe2 Nd7 1/2-1/2

[Event "Mitropa Cup 28th"]
[Site "Rogaska Slatina"]
[Date "2009.05.11"]
[Round "3"]
[White "Philippe, Christophe"]
[Black "Jurcik, Marian"]
[Result "1-0"]
[WhiteElo "2435"]
[BlackElo "2468"]
[PlyCount "169"]
[EventDate "2009.05.09"]
[EventType "team-tourn"]
[EventRounds "9"]
[EventCountry "SLO"]
[Source "ChessBase"]
[SourceDate "2009.07.02"]
[WhiteTeam "France"]
[BlackTeam "Slovakia"]
[WhiteTeamCountry "FRA"]
[BlackTeamCountry "SVK"]

1. e4 c5 2. Nf3 d6 3. d4 cxd4 4. Nxd4 Nf6 5. Nc3 e6 6. Bc4 Be7 7. Be3 O-O 8.
Bb3 Na6 9. Qf3 Nc5 10. O-O-O Bd7 11. g4 Bc6 12. Nxc6 Nxb3+ 13. axb3 bxc6 14. g5
Nd7 15. h4 Qa5 16. Kb1 Rab8 17. h5 f5 18. gxf6 Nxf6 19. Qh3 Kf7 20. Rdg1 Rfe8
21. Rg5 Qc7 22. Rhg1 Rg8 23. f4 Ne8 24. R5g2 Bf6 25. e5 dxe5 26. f5 Qc8 27. h6
exf5 28. hxg7 Rxg7 29. Rxg7+ Bxg7 30. Qxh7 Qe6 31. Rg5 f4 32. Bc5 Qh6 33. Qf5+
Nf6 34. Qxe5 Re8 35. Qxf4 Kg8 36. Bd4 Re6 37. Qf5 Kf7 38. Rg1 Re7 39. Rf1 Qg6
40. Qc5 Re6 41. Qxa7+ Kg8 42. Rg1 Qf7 43. Qc5 Qe8 44. Qc4 Kh7 45. Qf1 Qe7 46.
b4 Ne8 47. Bxg7 Nxg7 48. b5 cxb5 49. Nxb5 Qc5 50. Qd3+ Kg8 51. Qd8+ Qf8 52. Qd5
Qf7 53. c4 Re2 54. Nd4 Rf2 55. Qa8+ Kh7 56. Rh1+ Nh5 57. Qe4+ Kh6 58. Ne6 Rf1+
59. Rxf1 Qxf1+ 60. Ka2 Qf7 61. Qe3+ Kg6 62. b3 Nf6 63. Nf4+ Kf5 64. Nd3 Qc7 65.
Qc5+ Qxc5 66. Nxc5 Ke5 67. Ka3 Kd6 68. Nd3 Ne4 69. Kb4 Nd2 70. Kc3 Ne4+ 71. Kd4
Nd2 72. b4 Nf3+ 73. Kc3 Ng5 74. b5 Ne6 75. Kb4 Kc7 76. c5 Nd8 77. Ne5 Kb7 78.
Kc4 Ne6 79. Kd5 Nc7+ 80. Kc4 Ne6 81. Nd3 Nc7 82. Nf4 Na8 83. Nd5 Kb8 84. c6 Ka7
85. Kc5 1-0

[Event "Mitropa Cup 28th"]
[Site "Rogaska Slatina"]
[Date "2009.05.11"]
[Round "3"]
[White "Borisek, Jure"]
[Black "Braun, Arik"]
[Result "1-0"]
[WhiteElo "2581"]
[BlackElo "2564"]
[PlyCount "45"]
[EventDate "2009.05.09"]
[EventType "team-tourn"]
[EventRounds "9"]
[EventCountry "SLO"]
[Source "ChessBase"]
[SourceDate "2009.07.02"]
[WhiteTeam "Slovenia"]
[BlackTeam "Germany"]
[WhiteTeamCountry "SLO"]
[BlackTeamCountry "GER"]

1. e4 e5 2. Nf3 Nf6 3. Nxe5 d6 4. Nf3 Nxe4 5. d4 d5 6. Bd3 Nc6 7. O-O Be7 8.
Nc3 Nxc3 9. bxc3 O-O 10. Re1 Bg4 11. Bf4 Bf6 12. Rb1 Rb8 13. Re3 Qd7 14. h3 Bh5
15. Ne5 Nxe5 16. Bxh7+ Kxh7 17. Qxh5+ Kg8 18. dxe5 g6 19. e6 fxe6 20. Qxg6+ Bg7
21. Be5 Qf7 22. Qg3 b5 23. Rb4 1-0

[Event "Mitropa Cup 28th"]
[Site "Rogaska Slatina"]
[Date "2009.05.11"]
[Round "3"]
[White "Gustafsson, Jan"]
[Black "Pavasovic, Dusko"]
[Result "1/2-1/2"]
[WhiteElo "2631"]
[BlackElo "2607"]
[PlyCount "97"]
[EventDate "2009.05.09"]
[EventType "team-tourn"]
[EventRounds "9"]
[EventCountry "SLO"]
[Source "ChessBase"]
[SourceDate "2009.07.02"]
[WhiteTeam "Germany"]
[BlackTeam "Slovenia"]
[WhiteTeamCountry "GER"]
[BlackTeamCountry "SLO"]

1. d4 d5 2. c4 e6 3. Nc3 c6 4. e4 dxe4 5. Nxe4 Bb4+ 6. Bd2 Qxd4 7. Bxb4 Qxe4+
8. Be2 Na6 9. Bd6 Qxg2 10. Qd2 Nf6 11. Bf3 Qg6 12. O-O-O e5 13. Bxe5 Be6 14.
Ne2 Qf5 15. Bf4 Qc5 16. b3 Nd5 17. Be5 O-O-O 18. Bd4 Qa3+ 19. Qb2 Qxb2+ 20.
Kxb2 Nf6 21. Bxa7 Rxd1 22. Rxd1 Re8 23. Rg1 g6 24. Bd4 Nd7 25. Ng3 Nac5 26. Kc3
f5 27. Re1 Bf7 28. Rxe8+ Bxe8 29. h4 Ne6 30. Bh8 Kc7 31. Ne2 Bf7 32. Nd4 Nec5
33. Kd2 Kd6 34. Bg7 Ke7 35. Be2 Nf6 36. f3 Ne6 37. Nxe6 Kxe6 38. b4 Ne8 39. Bd4
Nd6 40. a4 f4 41. a5 Nf5 42. Bf2 Kd7 43. Kd3 h6 44. Bd1 g5 45. hxg5 hxg5 46.
Be2 Bg6 47. Kd2 Bf7 48. Kd3 Be6 49. Ke4 1/2-1/2

[Event "Mitropa Cup 28th"]
[Site "Rogaska Slatina"]
[Date "2009.05.11"]
[Round "3"]
[White "Skoberne, Jure"]
[Black "Baramidze, David"]
[Result "0-1"]
[WhiteElo "2471"]
[BlackElo "2547"]
[PlyCount "56"]
[EventDate "2009.05.09"]
[EventType "team-tourn"]
[EventRounds "9"]
[EventCountry "SLO"]
[Source "ChessBase"]
[SourceDate "2009.07.02"]
[WhiteTeam "Slovenia"]
[BlackTeam "Germany"]
[WhiteTeamCountry "SLO"]
[BlackTeamCountry "GER"]

1. e4 e5 2. Nf3 Nc6 3. d4 exd4 4. Nxd4 Bb4+ 5. c3 Bc5 6. Nxc6 bxc6 7. Bd3 d6 8.
O-O Ne7 9. Bg5 h6 10. Bh4 g5 11. Bg3 h5 12. h3 Ng6 13. b4 Bb6 14. e5 h4 15. Bh2
Nxe5 16. Bxe5 dxe5 17. Re1 Be6 18. Qf3 Rh6 19. Nd2 Rf6 20. Qxc6+ Bd7 21. Rxe5+
Kf8 22. Qe4 Rxf2 23. Kh1 Rxd2 24. Rf1 Rf2 25. Rxf2 Bxf2 26. Bc4 Bc6 27. Bd5
Bxd5 28. Rxd5 Qe8 0-1

[Event "Mitropa Cup 28th"]
[Site "Rogaska Slatina"]
[Date "2009.05.12"]
[Round "4"]
[White "Kreisl, Robert"]
[Black "Philippe, Christophe"]
[Result "1-0"]
[WhiteElo "2389"]
[BlackElo "2435"]
[PlyCount "81"]
[EventDate "2009.05.09"]
[EventType "team-tourn"]
[EventRounds "9"]
[EventCountry "SLO"]
[Source "ChessBase"]
[SourceDate "2009.07.02"]
[WhiteTeam "Austria"]
[BlackTeam "France"]
[WhiteTeamCountry "AUT"]
[BlackTeamCountry "FRA"]

1. e4 Nf6 2. e5 Nd5 3. d4 d6 4. Nf3 g6 5. Bc4 c6 6. exd6 Qxd6 7. O-O Bg7 8.
Nbd2 Bg4 9. h3 Bxf3 10. Nxf3 O-O 11. c3 Nd7 12. Re1 e6 13. Bb3 b5 14. a4 a6 15.
Qe2 Rfe8 16. Ne5 Nxe5 17. dxe5 Qe7 18. Qe4 Qb7 19. Rd1 Qc7 20. Re1 Rad8 21. Bg5
Rd7 22. axb5 axb5 23. c4 bxc4 24. Bxc4 Rb8 25. b3 Bf8 26. Rec1 Qb7 27. h4 h6
28. Bd2 h5 29. g4 hxg4 30. Qxg4 Qc7 31. Re1 Ne7 32. Ba5 Qa7 33. Bc3 Qc7 34. Ba5
Qa7 35. Bc3 Qc7 36. h5 Re8 37. Bxe6 fxe6 38. Qxe6+ Kh7 39. Qf7+ Kh6 40. Qxe8
Bg7 41. Rad1 1-0

[Event "Mitropa Cup 28th"]
[Site "Rogaska Slatina"]
[Date "2009.05.12"]
[Round "4"]
[White "Terrieux, Kevin"]
[Black "Neubauer, Martin"]
[Result "1/2-1/2"]
[WhiteElo "2449"]
[BlackElo "2414"]
[PlyCount "32"]
[EventDate "2009.05.09"]
[EventType "team-tourn"]
[EventRounds "9"]
[EventCountry "SLO"]
[Source "ChessBase"]
[SourceDate "2009.07.02"]
[WhiteTeam "France"]
[BlackTeam "Austria"]
[WhiteTeamCountry "FRA"]
[BlackTeamCountry "AUT"]

1. d4 Nf6 2. c4 e6 3. Nc3 Bb4 4. e3 O-O 5. Bd3 c5 6. Nge2 d5 7. a3 Bxc3+ 8.
bxc3 dxc4 9. Bxc4 Qc7 10. Ba2 b6 11. O-O Ba6 12. Re1 Rd8 13. Ng3 Nc6 14. Bb2
Na5 15. e4 Bc4 16. e5 Nd7 1/2-1/2

[Event "Mitropa Cup 28th"]
[Site "Rogaska Slatina"]
[Date "2009.05.12"]
[Round "4"]
[White "Vitoux, Colomban"]
[Black "Pilaj, Herwig"]
[Result "0-1"]
[WhiteElo "2446"]
[BlackElo "2373"]
[PlyCount "80"]
[EventDate "2009.05.09"]
[EventType "team-tourn"]
[EventRounds "9"]
[EventCountry "SLO"]
[Source "ChessBase"]
[SourceDate "2009.07.02"]
[WhiteTeam "France"]
[BlackTeam "Austria"]
[WhiteTeamCountry "FRA"]
[BlackTeamCountry "AUT"]

1. e4 e6 2. d4 d5 3. Nc3 Bb4 4. Nge2 Nf6 5. e5 Nfd7 6. Nf4 c5 7. a3 cxd4 8.
axb4 dxc3 9. Qh5 cxb2 10. Bxb2 Qb6 11. b5 Qc5 12. Kd1 Qb4 13. Nd3 Qxb5 14. Ba3
Nc6 15. Qg5 Rg8 16. Nb4 h6 17. Qh4 g5 18. Qxh6 Qa4 19. Qh7 Rf8 20. Nd3 Nd4 21.
Nb2 Qa5 22. Bd3 b5 23. c3 Qxc3 24. Bxf8 Nxf8 25. Qh3 Qxb2 26. Rb1 Qxf2 27. Rf1
Qh4 28. Qe3 a6 29. Rb4 Nc2 30. Qf3 Ne3+ 31. Ke2 Qxb4 32. Qxf7+ Kd8 33. Kxe3 Nd7
34. Qxe6 Qe7 35. Qg8+ Kc7 36. Rc1+ Kb6 37. Rxc8 Qxe5+ 38. Kd2 Rxc8 39. Qxc8 Nc5
40. Qd8+ Kb7 0-1

[Event "Mitropa Cup 28th"]
[Site "Rogaska Slatina"]
[Date "2009.05.12"]
[Round "4"]
[White "Jurcik, Marian"]
[Black "Cernousek, Lukas"]
[Result "1/2-1/2"]
[WhiteElo "2468"]
[BlackElo "2439"]
[PlyCount "63"]
[EventDate "2009.05.09"]
[EventType "team-tourn"]
[EventRounds "9"]
[EventCountry "SLO"]
[Source "ChessBase"]
[SourceDate "2009.07.02"]
[WhiteTeam "Slovakia"]
[BlackTeam "Czech Republic"]
[WhiteTeamCountry "SVK"]
[BlackTeamCountry "CZE"]

1. e4 c5 2. Nf3 d6 3. d4 Nf6 4. Nc3 cxd4 5. Nxd4 a6 6. Be3 e5 7. Nf3 Be7 8. Bc4
O-O 9. O-O Be6 10. Bb3 Nc6 11. Bg5 Nd7 12. Bxe7 Qxe7 13. Nd5 Qd8 14. Qe2 Nc5
15. Rad1 Bg4 16. c3 Nxb3 17. axb3 f5 18. exf5 Rxf5 19. Qc4 Bxf3 20. Ne7+ Kh8
21. Nxf5 d5 22. gxf3 dxc4 23. Rxd8+ Rxd8 24. bxc4 Rd2 25. Rb1 Na5 26. Ne3 Nb3
27. Kf1 Kg8 28. Ke1 Kf7 29. Nf1 Rc2 30. Ne3 Rd2 31. Nf1 Rc2 32. Ne3 1/2-1/2

[Event "Mitropa Cup 28th"]
[Site "Rogaska Slatina"]
[Date "2009.05.12"]
[Round "4"]
[White "Kanovsky, David"]
[Black "Macak, Stefan"]
[Result "1-0"]
[WhiteElo "2473"]
[BlackElo "2494"]
[PlyCount "81"]
[EventDate "2009.05.09"]
[EventType "team-tourn"]
[EventRounds "9"]
[EventCountry "SLO"]
[Source "ChessBase"]
[SourceDate "2009.07.02"]
[WhiteTeam "Czech Republic"]
[BlackTeam "Slovakia"]
[WhiteTeamCountry "CZE"]
[BlackTeamCountry "SVK"]

1. e4 e6 2. d4 d5 3. Nd2 Nf6 4. e5 Nfd7 5. Bd3 c5 6. c3 Nc6 7. Ne2 cxd4 8. cxd4
f6 9. Nf4 Nxd4 10. Qh5+ Ke7 11. exf6+ Nxf6 12. Ng6+ hxg6 13. Qxh8 Kf7 14. Qh4
e5 15. Nf3 Nxf3+ 16. gxf3 Bf5 17. Bxf5 gxf5 18. Bg5 Qa5+ 19. Kf1 g6 20. Qh8
Qa6+ 21. Kg2 Re8 22. Rhc1 Be7 23. Qh4 Qd6 24. Rc2 Nh5 25. Rac1 Bxg5 26. Qxg5
Nf4+ 27. Kh1 Ne6 28. Qh6 Nf8 29. Rc7+ Re7 30. Rc8 Rd7 31. Qh8 e4 32. h4 Qe7 33.
h5 gxh5 34. Qxh5+ Kf6 35. Qh8+ Kf7 36. Rg1 Ne6 37. f4 Rd8 38. Qh7+ Ke8 39. Rg8+
Kd7 40. Rgxd8+ Nxd8 41. Rc7+ 1-0